000 00989nam a2200277 i 4500
001 91871
003 ES-MaACL
005 20230906180836.0
007 t|
008 050224s2004 sp ||||1| spa d
020 _a84-7923-324-9
080 _a821.134.2.09"15/16"
100 1 _aSpadaccini, Nicholas.
_9107620
245 1 0 _aLibertad y límites
_b: el Barroco hispánico /
_cNicholas Spadaccini y Luis Martín-Estudillo.
250 _a1ª ed.
260 _aMadrid :
_bEdiciones del Orto,
_c2004.
300 _a94 p. ;
_c17 cm.
490 1 _aBiblioteca crítica de las literaturas luso-hispánicas ;
_v8
500 _aEn la port.: Universidad de Minnesota.
504 _aBibliografía: p. 92-94.
650 1 4 _aLiteratura española-
_yS.XVI-XVII-
_xHistoria y crítica.
_914571
700 1 _aMartín-Estudillo, Luis.
_977484
830 0 _aBiblioteca crítica de las literaturas luso-hispánicas ;
_v8
_9192808
852 _aES-MaACL
_jL-28942
_bR.134644
999 _c91871
_d91871